| 000 | 01364cam a2200397Ia 4500 | ||
|---|---|---|---|
| 001 | sjds1051694 | ||
| 003 | sjds | ||
| 005 | 20180523161801.0 | ||
| 008 | 980505t19951995nyu j 000 1 spa d | ||
| 020 |
_a0590538160 (pbk.) _c$3.99 |
||
| 020 | _a9780590538169 (pbk.) | ||
| 035 | _a147231 | ||
| 035 | _a(OCoLC)39066057 | ||
| 035 | _a147231 | ||
| 040 |
_aUUP _cUUP _dXY4 _dBTCTA _dIFA _dUtOrBLW |
||
| 041 |
_aspa _heng |
||
| 049 | _aIFAA | ||
| 100 | 1 |
_aStine, R. L., _eauthor. |
|
| 240 | 1 | 0 |
_aOne day at horrorland. _lSpanish |
| 245 | 1 | 3 |
_aUn día en horrorlandia / _cR.L. Stine. |
| 260 |
_aNew York : _bScholastic, _cc1995 |
||
| 264 | 1 |
_aNew York : _bScholastic, _c[1995] |
|
| 264 | 4 | _cc1995 | |
| 300 |
_a134 pages ; _c20 cm. |
||
| 336 |
_atext _btxt _2rdacontent |
||
| 337 |
_aunmediated _bn _2rdamedia |
||
| 338 |
_avolume _bnc _2rdacarrier |
||
| 490 | 1 | _aEscalofrios ; | |
| 500 | _a"An Apple paperpack." | ||
| 520 | _aHorrorland--it's the coolest theme park ever. No crowds, no lines, and the rides are to die for. But it's the people in the monster costumes that are really great. They seem so real... | ||
| 526 | 0 |
_aAccelerated Reader _bMG _c3.4 _d3.0 _z9619SP |
|
| 650 | 0 |
_aHorror tales _vJuvenile literature. |
|
| 650 | 7 |
_aCuentos populares de terror _vLiteratura juvenil. _2bidex |
|
| 800 | 1 |
_aStine, R. L. _tGoosebumps. _lSpanish. |
|
| 942 | _cBK | ||
| 999 |
_c20748 _d20748 |
||